Formula 1 - 2026 Teams and Drivers - Statistics

General Stats
  • This quiz has been taken 144 times
  • The average score is 29 of 33
Answer Stats
Answer % Correct
Max Verstappen
99%
Ferrari
98%
Lewis Hamilton
98%
RedBull
98%
Mercedes
97%
McLaren
96%
Alpine
95%
Charles Leclerc
95%
Audi
94%
Williams
94%
Cadillac
92%
Lando Norris
92%
Racing Bulls
92%
Andrea Kimi Antonelli
91%
Aston Martin
91%
George Russell
91%
Haas
91%
Oscar Piastri
90%
Carlos Sainz Jr.
89%
Nico Hülkenberg
89%
Valtteri Bottas
89%
Fernando Alonso
87%
Sergio Perez
87%
Isack Hadjar
84%
Lance Stroll
84%
Alex Albon
83%
Oliver Bearman
83%
Pierre Gasly
83%
Esteban Ocon
82%
Liam Lawson
80%
Franco Colapinto
74%
Gabriel Bortoleto
74%
Arvid Lindblad
72%
No matching quizzes found
Score Distribution
Percent of People with Each Score
Percentile by Number Answered
Your Score History
You have not taken this quiz